The encyclopedia of marine resources

Gardado en:
Detalles Bibliográficos
Autor Principal: Firth, Frank E (Author)
Formato: Libro
Idioma:inglés
Publicado: Nueva York Van Nostrand Reinhold 1969
Subjects:
Tags: Engadir etiqueta
Sen Etiquetas, Sexa o primeiro en etiquetar este rexistro!

MARC

LEADER 00000nam a2200000 a 4500
001 UCV5327
003 CL-VaPUC
008 930312e19690000US |||||||||||||||||eng|d
082 0 4 |a 333.9  |b FIR  |2 21 
100 0 |a Firth, Frank E  |e author  |9 299653 
245 1 4 |a The encyclopedia of marine resources 
300 |a 740 p 
942 |c BK 
945 |d 19930312 00:00:00 
260 |a Nueva York  |b Van Nostrand Reinhold  |c 1969 
650 0 |a Recursos marinos  |9 261196 
650 7 |a DICCIONARIOS INGLES  |2 CL-VaPUC  |9 261669 
650 0 |a Industria pesquera  |9 255432 
583 |a last modification  |c 19930312 00:00:00  |k Rodrigo Vera 
999 |c 211884  |d 211882 
952 |0 0  |1 0  |4 0  |6 333_900000000000000_FIR_1969  |7 0  |8 CCM  |9 191906  |a BIBCUR  |b BIBCUR  |d 2019-11-14  |i 2594331  |o 333.9 FIR 1969  |p 2594331  |r 2025-04-22  |w 2019-11-14  |y BK_X  |k CIM